000 00606nam a2200193 i 4500
001 142375
003 ES-MaACL
005 20251013213649.0
007 t|
008 071004s1924 sp ||||1| spa d
100 1 _aWirth, Gustav.
_9117135
245 1 0 _aJuan Pablo F. Richter dedicado a maestros y educadores /
_cpor G. Wirth ; traducción del alemán por José Ontañón.
260 _aMadrid :
_bLa Lectura,
_c[1924?]
300 _a101 p. ;
_c19 cm.
600 1 7 _aPaul, Jean,
_d1763-1825
_2
_9149234
700 1 _aOntañón, José.
_987099
852 _aES-MaACL
_jF-2327
999 _c142375
_d142375